[Event "Bangkok Big Rook op"]
[Site "Bangkok"]
[Date "2023.05.07"]
[Round "6"]
[White "Frost, Peter"]
[Black "Nizzardo, Mattia"]
[Result "1/2-1/2"]
[WhiteElo "1671"]
[BlackElo "1742"]
[PlyCount "90"]
[EventDate "2023.05.04"]
[EventType "swiss"]
[EventRounds "7"]
[EventCountry "THA"]
[SourceTitle "CBM 214 Extra"]
[Source "ChessBase"]
[SourceDate "2023.07.31"]
[SourceVersion "1"]
[SourceVersionDate "2023.07.31"]
[SourceQuality "1"]

1. d4 Nf6 2. c4 c5 3. d5 b5 4. Nf3 d6 5. Qc2 g6 6. e4 Bg7 7. cxb5 0-0 8. Nc3 a6 9. a4 axb5 10. Bxb5 Na6 11. 0-0 Nb4 12. Qe2 Ba6 13. Bf4 Bxb5 14. Nxb5 Nd7 15. Nc3 Nb6 16. a5 Nd7 17. e5 Nxe5 18. Nxe5 dxe5 19. Bxe5 Bxe5 20. Qxe5 Re8 21. a6 Nxa6 22. h4 Qd6 23. Rfe1 Qxe5 24. Rxe5 Kf8 25. Ree1 Nb4 26. Rxa8 Rd8 27. Rc8 Rxc8 28. Ne4 Ra8 29. Re2 Nd3 30. g3 Ra2 31. Rc2 Rxb2 32. Rxb2 Nxb2 33. Nxc5 Nc4 34. Ne4 Nb6 35. Nc3 Ke8 36. Kg2 Kd7 37. Kf3 f5 38. g4 e5 39. dxe6+ Kxe6 40. gxf5+ Kxf5 41. Kg3 Nc4 42. Ne2 Nd6 43. Nd4+ Ke5 44. Nf3+ Kf5 45. Nd4+ Ke5 1/2-1/2

[Event "Bangkok Big Rook op"]
[Site "Bangkok"]
[Date "2023.05.06"]
[Round "5"]
[White "Nizzardo, Mattia"]
[Black "Cuizon, Richily Evans"]
[Result "1-0"]
[WhiteElo "1742"]
[BlackElo "1508"]
[PlyCount "53"]
[EventDate "2023.05.04"]
[EventType "swiss"]
[EventRounds "7"]
[EventCountry "THA"]
[SourceTitle "CBM 214 Extra"]
[Source "ChessBase"]
[SourceDate "2023.07.31"]
[SourceVersion "1"]
[SourceVersionDate "2023.07.31"]
[SourceQuality "1"]

1. e4 c5 2. Nf3 e6 3. d4 cxd4 4. Nxd4 a6 5. Nc3 Qc7 6. Be3 Bb4 7. Qd2 Nf6 8. Bd3 d5 9. exd5 Nxd5 10. Nde2 Nxe3 11. Qxe3 0-0 12. Qe4 Bxc3+ 13. Nxc3 f5 14. Qe2 b5 15. 0-0-0 Nc6 16. a3 e5 17. f3 Nd4 18. Qe3 Bb7 19. Rhe1 Rae8 20. Kb1 Qa5 21. Ne2 Nc6 22. Qc5 e4 23. fxe4 Re5 24. Qe3 b4 25. Nf4 bxa3 26. Bc4+ Kh8 27. Ng6+ 1-0

[Event "Chioggia op-B 11th"]
[Site "Chioggia"]
[Date "2016.10.08"]
[Round "3"]
[White "Nizzardo, Mattia"]
[Black "Fiscato, Claudio"]
[Result "1-0"]
[WhiteElo "1823"]
[BlackElo "1726"]
[PlyCount "111"]
[EventDate "2016.10.07"]
[EventType "swiss"]
[EventRounds "5"]
[EventCountry "ITA"]
[SourceTitle "EXT 2022"]
[Source "ChessBase"]
[SourceDate "2021.10.06"]
[SourceVersion "1"]
[SourceVersionDate "2021.10.06"]
[SourceQuality "1"]

1. e4 c5 2. Nc3 e6 3. f4 a6 4. Nf3 Nc6 5. Be2 Qc7 6. d4 cxd4 7. Nxd4 d6 8. Nxc6 bxc6 9. Be3 Nf6 10. 0-0 h5 11. h3 h4 12. Kh1 Be7 13. Qe1 Bb7 14. Qf2 c5 15. Bf3 Nh5 16. Bxh5 Rxh5 17. Qf3 Rh8 18. Qg4 Bf6 19. f5 Qe7 20. Rad1 Rd8 21. Bf4 e5 22. Be3 Rg8 23. Nd5 Bxd5 24. Rxd5 Qc7 25. Bf2 Rh8 26. Rfd1 Ke7 27. Be3 Ke8 28. Bg5 Qe7 29. Bxf6 Qxf6 30. Qe2 Ke7 31. Qxa6 Rd7 32. c3 g6 33. Rf1 gxf5 34. Rxf5 Qg6 35. Qd3 Rh5 36. Rxh5 Qxh5 37. Qf3 Qg5 38. Kh2 Ke6 39. Qg4+ Qxg4 40. hxg4 Kf6 41. Kh3 Kg5 42. Rd2 Kf4 43. Re2 Ra7 44. a3 Ra4 45. Rf2+ Kxe4 46. Rxf7 Kd3 47. Rf3+ Ke2 48. g5 e4 49. Rf6 e3 50. g6 Ra7 51. Kxh4 d5 52. Rd6 Kf2 53. Rxd5 Re7 54. Kh5 Kxg2 55. Rg5+ Kf1 56. Rf5+ 1-0

[Event "ITA-ch U20"]
[Site "Porto San Giorgio"]
[Date "2004.08.28"]
[Round "9"]
[White "Nizzardo, Mattia"]
[Black "Berardi, Alessandro"]
[Result "1/2-1/2"]
[WhiteElo "1772"]
[BlackElo "1577"]
[PlyCount "52"]
[EventDate "2004.08.20"]
[EventType "swiss"]
[EventRounds "9"]
[EventCountry "ITA"]
[SourceTitle "EXT 2005"]
[Source "ChessBase"]
[SourceDate "2004.11.15"]
[SourceVersion "1"]
[SourceVersionDate "2004.11.15"]
[SourceQuality "1"]

1. e4 e6 2. d4 d5 3. exd5 exd5 4. h3 Be6 5. Bd3 Nf6 6. Nf3 Nbd7 7. Bg5 Bd6 8. 0-0 h6 9. Bh4 c5 10. c3 Qc7 11. dxc5 Bxc5 12. Bg3 Bd6 13. Bxd6 Qxd6 14. Nbd2 0-0 15. Nd4 Nc5 16. N2f3 a6 17. Qd2 Nce4 18. Qc2 Rfe8 19. Rfe1 Bd7 20. Re3 Re7 21. Rae1 Rae8 22. Qe2 Kf8 23. Nd2 Nc5 24. Rxe7 Rxe7 25. Qxe7+ Qxe7 26. Rxe7 Kxe7 1/2-1/2

[Event "Padova op-A 5th"]
[Site "Padova"]
[Date "2002.12.15"]
[Round "3.18"]
[White "Roberti, Ignazio"]
[Black "Nizzardo, Mattia"]
[Result "1/2-1/2"]
[WhiteElo "1838"]
[BlackElo "1612"]
[PlyCount "76"]
[EventDate "2002.12.14"]
[EventType "swiss"]
[EventRounds "6"]
[EventCountry "ITA"]
[SourceTitle "EXT 2023"]
[Source "ChessBase"]
[SourceDate "2022.10.05"]
[SourceVersion "1"]
[SourceVersionDate "2022.10.05"]
[SourceQuality "1"]

1. Nf3 Nc6 2. b3 e5 3. Bb2 e4 4. Nd4 Qf6 5. e3 Bc5 6. c3 Bxd4 7. cxd4 d5 8. Nc3 Nce7 9. Nb5 Qb6 10. a4 Nc6 11. Ba3 a6 12. a5 Nxa5 13. Bc5 Qc6 14. Na7 Rxa7 15. Bxa7 b6 16. b4 Nc4 17. Bxc4 dxc4 18. Qa4 Qxa4 19. Rxa4 Ne7 20. b5 axb5 21. Ra1 Be6 22. Ke2 Nc6 23. Rhb1 b4 24. Bxb6 cxb6 25. Ra8+ Nd8 26. Rxb4 c3 27. dxc3 b5 28. Kd2 Bc4 29. Rb1 0-0 30. Rba1 Ne6 31. R1a7 Rxa8 32. Rxa8+ Nf8 33. Re8 f5 34. f3 Kf7 35. Rd8 Ke7 36. Ra8 Ng6 37. fxe4 fxe4 38. g3 Nf8 1/2-1/2

[Event "Padova Fornace op 4th"]
[Site "Padova"]
[Date "2001.12.23"]
[Round "5.23"]
[White "Pietrobon, Mirco"]
[Black "Nizzardo, Mattia"]
[Result "1-0"]
[WhiteElo "1500"]
[BlackElo "1500"]
[PlyCount "147"]
[EventDate "2001.12.15"]
[EventType "swiss"]
[EventRounds "6"]
[EventCountry "ITA"]
[SourceTitle "EXT 2024"]
[Source "ChessBase"]
[SourceDate "2023.10.10"]
[SourceVersion "1"]
[SourceVersionDate "2023.10.10"]
[SourceQuality "1"]

1. e4 d5 2. exd5 Nf6 3. d4 Nxd5 4. Nf3 e6 5. c4 Nf6 6. Bg5 h6 7. Bh4 c5 8. Nc3 cxd4 9. Qxd4 Qxd4 10. Nxd4 g5 11. Bg3 b6 12. Be5 Nbd7 13. Ne4 Bb4+ 14. Ke2 Nxe5 15. Nxf6+ Ke7 16. Ne4 Bb7 17. Nd2 Rhd8 18. N4f3 Nxf3 19. Nxf3 g4 20. Ne5 Rd2+ 21. Ke3 Rad8 22. Nd3 R2xd3+ 23. Bxd3 Bc5+ 24. Ke2 Bxg2 25. Rhg1 Bf3+ 26. Kd2 Be4 27. Rxg4 Rxd3+ 28. Ke2 Bg6 29. Rxg6 fxg6 30. Kxd3 Bxf2 31. Ke4 Bh4 32. b3 Bf2 33. Rf1 Bc5 34. h3 g5 35. Ke5 a5 36. Rh1 h5 37. Re1 Bd6+ 38. Ke4 g4 39. hxg4 hxg4 40. Re2 g3 41. Rg2 Kd7 42. Kd3 Kc6 43. Re2 Kc5 44. Rxe6 g2 45. Rg6 Bh2 46. Rxg2 Bd6 47. Rg5+ Kc6 48. Kc3 Bb4+ 49. Kc2 Bd6 50. Kb1 Bb4 51. Kb2 Bd6 52. a3 Bc5 53. Ka2 Bd6 54. Rg6 Kc7 55. Rxd6 Kxd6 56. b4 axb4 57. axb4 Kc6 58. b5+ Kd6 59. Kb3 Kc5 60. Kc3 Kd6 61. Kd4 Kc7 62. Ke5 Kd7 63. Kd5 Kc7 64. Ke6 Kb7 65. Kd7 Ka7 66. Kc7 Ka8 67. Kxb6 Kb8 68. c5 Kc8 69. c6 Kb8 70. Kc5 Kc7 71. b6+ Kb8 72. Kd6 Kc8 73. b7+ Kb8 74. Kd7 1-0

[Event "Padova Fornace op 4th"]
[Site "Padova"]
[Date "2001.12.16"]
[Round "3.26"]
[White "Binder, Andrea"]
[Black "Nizzardo, Mattia"]
[Result "1-0"]
[WhiteElo "1600"]
[BlackElo "1500"]
[PlyCount "107"]
[EventDate "2001.12.15"]
[EventType "swiss"]
[EventRounds "6"]
[EventCountry "ITA"]
[SourceTitle "EXT 2024"]
[Source "ChessBase"]
[SourceDate "2023.10.10"]
[SourceVersion "1"]
[SourceVersionDate "2023.10.10"]
[SourceQuality "1"]

1. Nf3 Nc6 2. c4 Nf6 3. g3 b6 4. Bg2 Bb7 5. b3 e6 6. Bb2 d5 7. 0-0 dxc4 8. bxc4 Be7 9. d3 0-0 10. Qa4 Nb8 11. Nc3 Nbd7 12. Rfd1 Re8 13. Ne4 Qc8 14. Nfd2 Bxe4 15. Nxe4 Nxe4 16. Bxe4 Nc5 17. Qc6 Nxe4 18. Qxe4 Qd7 19. a4 Bb4 20. d4 a5 21. e3 Rad8 22. Qg4 f6 23. Qe4 Qd6 24. Qc2 Qc6 25. Ba3 Bxa3 26. Rxa3 Rd7 27. Rad3 Red8 28. Qb3 h6 29. Qb5 Qxb5 30. cxb5 e5 31. d5 Kf7 32. e4 g6 33. f3 Rd6 34. Rc3 Rc8 35. Rdc1 Rd7 36. Rc6 Ke7 37. Rxb6 Ra8 38. Rbc6 Ra7 39. Ra6 Rb7 40. Rxa5 f5 41. Ra6 fxe4 42. fxe4 Rd6 43. Rcc6 h5 44. Rxd6 cxd6 45. Rc6 Kd7 46. b6 g5 47. a5 g4 48. a6 Rb8 49. a7 Ra8 50. Rc7+ Kd8 51. b7 Kxc7 52. bxa8Q h4 53. Qc6+ Kd8 54. a8Q+ 1-0